000 00439nam a2200193Ia 4500
001 12294
003 GE_BSU
008 181216s||||||||xx |||||||||||||| ||und||
040 _cGE_BSU
080 _a821.111-32
100 _aCollins,Jakie
245 _aHollywood wiles the New generations
260 _aLondon
260 _bBCA
260 _c2001
300 _a490p.20cm.
653 _aHollywood wiles the New generations
942 _cBK
999 _c45469
_d45469